000 01090cam a2200277Ia 4500
001 canvas5macoswind00dene
003 CaSfIA
005 20230525154852.0
007 cr||||
008 980210s1996 flua f 001 0 eng d
040 _aNAA
_cNAA
_dOCL
_dCaSfIA
035 _a(OCoLC)38402395
090 _aQA76.76.O63
_bC36 1996
245 0 0 _aCanvas 5 :
_h[electronic resource]
_bMAC OS and Windows.
246 1 4 _aCanvas
250 _aVersion 5.
260 _a[Miami, Fla.] :
_bDeneba,
_cc1996.
300 _a4 v. :
_bill. (some col.) ;
_c21 cm. +
_e1 quick reference sheet ([6] p.).
500 _aIncludes indices.
505 0 _av. [1]. Getting started -- v. [2]. User's guide -- v. [3]. Color printing guide -- v. [4]. URW type library.
650 0 _aComputer software
_vHandbooks, manuals, etc.
650 7 _aCOMPUTER PROGRAMS
_2nasat
710 2 _aDeneba Systems.
856 4 1 _uhttp://www.archive.org/details/canvas5macoswind00dene
_zFree eBook from the Internet Archive
856 4 2 _uhttp://www.openlibrary.org/books/OL24616976M
_zAdditional information and access via Open Library
999 _c19347
_d19347